Konverzia textových výstupov zo systému ISF do formátu MS Excel /

Saved in:
Bibliographic Details
Main Author: Minárik, Andrej 1987- (Author)
Other Authors: Krajčovič, Tibor, 1960- (Thesis advisor)
Format: Manuscript Book
Language:Slovak
Published: Bratislava STU v Bratislave FIIT 2009
Tags: Add Tag
No Tags, Be the first to tag this record!

MARC

LEADER 00000ntm a22000003a 4500
001 0031318
003 SK-STU
005 20180220153348.9
007 ta
008 180220s2018----xo-----f-mn---000-0-slo-d
040 |a STU  |b slo 
041 0 |a slo 
044 |a xo  |c SK 
100 1 |a Minárik, Andrej  |d 1987-  |4 aut  |r Z4 
245 1 0 |a Konverzia textových výstupov zo systému ISF do formátu MS Excel /  |c aut. Andrej Minárik ; škol. Tibor Krajčovič 
260 |c 2009  |a Bratislava  |b STU v Bratislave FIIT 
300 |a stu_us_auth*0050648  |e CD-ROM 
700 1 |a Krajčovič, Tibor,  |d 1960-  |u 070400  |r Z1  |4 ths  |U FIIT Fakulta informatiky a informačných technológií  |T FIIT Ústav počítačového inžinierstva a aplikovanej informatiky  |X 1869  |U I400  |Y 672  |7 1869 
996 |c I*BAP128/09  |l II680  |s P  |a 0  |w 0031318_0001